Responses for Show #4882 - Tuesday, November 29, 2005

Vik Vaz game 2.

Contestants

[<< previous game]

Deena Banks, a writer from La Mesa, California

Kelly Croissant, an emergency medical technician originally from Sioux Falls, South Dakota

Vik Vaz, a medical student from Austin, Texas (whose 1-day cash winnings total $23,201)

[next game >>]

Jeopardy! Round responses

PLEASE, SIR, I WANT SAMOA
THEIR FIRST BILLBOARD NO. 1 HIT
LOOSE CHANGE
BEASTLY QUOTES
'TIS TIME TO TESTIFY
BEFORE & AFTER
    $200 1
the Southern Cross

Deena
    $200 11
Bill Haley and His Comets (Bill Haley and The Comets accepted)

Kelly
    $200 21
Lewis & Clark

Kelly
    $200 2
(Deena: What are wolves?)

goats

KellyDeena
    $200 16
Ralph Nader

Vik
    $200 26
(Kelly: What's a cold?)
(Alex: No.)
(Kelly: [Mumbles] Cold War.)

the common cold war

VikKelly
    $400 3
New Zealand

Vik
    $400 12
(Kelly: Who are Jan & Dean?)
(Deena: Who is Dion?)

The Beach Boys

KellyDeena
Triple Stumper
    $400 22
Michigan

Kelly
    $400 7
(Vik: What are snakes?)
(Kelly: What are doves?)
...
(Alex: The song of [*] never varies. We're talking about poetry.)

canaries

VikKelly
Triple Stumper
    $400 17
Clarence Thomas

Vik
    $400 27
(Deena: What is Gene Kelly, um, Resources?)
[Originally ruled incorrect; reversed before Double Jeopardy!]

Gene Kelly Girl (or Gene Kelly Services or Gene Kelly Resources)

KellyDeena
    $600 4
the International Date Line

Vik
    $600 13
Blondie

Deena
    $600 23
(Kelly: Who is Victoria?)
(Vik: Who is Queen Lili'uokalani?)
(Deena: Who is Queen Elizabeth?)

Queen Isabella of Spain

VikKellyDeena
Triple Stumper
    $600 8
the dog

Vik
    $2,000 18
the House Un-American Activities Committee

Vik
    $600 28
War and Peace Pipe

Vik
    $800 5
Pago Pago

Kelly
    $800 14
ABBA

Deena
    $800 24
Denver & Philadelphia

Kelly
    $800 9
little cat feet

Deena
    $800 19
Oliver North

Vik
    $800 29
Alexander Hamilton Jordan

Deena
    $1000 6
Coming of Age in Samoa

Vik
    $1000 15
Herman's Hermits

Deena
    $1000 25
[Kelly gave listed both responses.]

a dime (or ten-cent piece)

Kelly
    $1000 10
the crow

Triple Stumper
    $1000 20
(John) Dean

Kelly
    $1000 30
(Vik: Who is Jacquelyn Baker's Dozen?)

Josephine Baker's Dozen

VikDeena

Scores at the first commercial break (after clue 15):

Vik Kelly Deena
$2,200 $400 $2,800

Scores at the end of the Jeopardy! Round:

Vik Kelly Deena
$4,800 $3,400 $4,400

Double Jeopardy! Round responses

COLONIAL AMERICA
CLINT EASTWOOD MOVIE QUOTES
(Alex: You have to identify the film.)
THE MIRACLE OF FLIGHT
THE FAMOUS MR. TED
A GREEN CATEGORY
"AR" MATEY!
    $400 1
Dirty Harry

Vik
    $400 20
drag

Deena
    $400 10
(Deena: What is a cucumber?)

celery

KellyDeena
    $400 15
a barb

Kelly
    $800 5
Poor Richard's Almanack

Deena
    $800 7
The Bridges of Madison County

Kelly
    $800 21
hang gliding

Deena
    $800 11
Stonehenge

Kelly
    $800 16
a sitar

Vik
    $1200 2
(Deena: What is Tavern on the Green?)

the Fraunces Tavern

Deena
Triple Stumper
    $1200 8
Heartbreak Ridge

Triple Stumper
    $1200 22
an elevator

Kelly
    $1200 24
Ted Williams

Vik
    $1200 12
Sydney Greenstreet

Deena
    $1200 17
a tarmac

Kelly
    $1600 3
(Vik: Who is Mather?)
(Alex: Which one?)

Cotton Mather

Vik
    $1600 6
Space Cowboys

Kelly
    $1600 23
fixed wing

Vik
    $2,000 25
[The end-of-round signal sounds.]

Geisel

Vik
    $6,000 13
Cape Verde

Deena
    $1600 18
Armenia

Vik
    $2000 4
James Oglethorpe

Vik
    $2000 9
(Kelly: What is Any Which Way But Loose?)

Every Which Way But Loose

KellyDeena
    $2000 14
Lucy Maud Montgomery

Triple Stumper
    $2000 19
(Vik: What is magyar?)

Hussar

Vik
Triple Stumper

Scores at the end of the Double Jeopardy! Round:

Vik Kelly Deena
$14,000 $7,800 $14,000

[wagering suggestions for these scores]

Final Jeopardy! Round responses

SPORTS HISTORY
(Alex: And by disregarding the rules, Billy created a new sport.)
...
(Alex: [To Kelly] You are absolutely right. Picked up the soccer ball and ran with it.)
KellyWhat is Rugby?
$0
DeenaWhat is Preschool?
$1,601
VikWhat is Rugby
$14,000
Rugby

Final scores:

Vik Kelly Deena
$28,000 $7,800 $12,399
2-day champion: $51,201 3rd place: $1,000 2nd place: $2,000

Game dynamics:

Coryat scores:

Vik Kelly Deena
$12,200 $7,800 $9,600
18 R
(including 2 DDs),
4 W
16 R,
5 W
14 R
(including 1 DD),
5 W

Combined Coryat: $29,600

[game clues] [game scores] [suggest correction]

Game tape date: 2005-09-13
The J! Archive is created by fans, for fans. Scraping, republication, monetization, and malicious use prohibited; this site may use cookies and collect identifying information. See terms. The Jeopardy! game show and all elements thereof, including but not limited to copyright and trademark thereto, are the property of Jeopardy Productions, Inc. and are protected under law. This website is not affiliated with, sponsored by, or operated by Jeopardy Productions, Inc. Join the discussion at JBoard.tv.